000 00237nam a22000977a 4500
999 _c11702
_d11702
008 200110b ||||| |||| 00| 0 eng d
020 _a059030271X
100 _aWhite E.B.
_97400
245 _aCharlotte's Web
260 _aNew york
_bScholastic